[Event "NRW Class1 1819"]
[Site "Germany"]
[Date "2019.01.13"]
[Round "5.8"]
[White "Kremser, Michael"]
[Black "Langenhop, Lars"]
[Result "1/2-1/2"]
[WhiteElo "1998"]
[BlackElo "1908"]
[PlyCount "88"]
[EventDate "2018.09.16"]
[EventType "team-tourn"]
[EventRounds "9"]
[EventCountry "GER"]
[SourceTitle "EXT 2022"]
[Source "ChessBase"]
[SourceDate "2021.10.06"]
[SourceVersion "1"]
[SourceVersionDate "2021.10.06"]
[SourceQuality "1"]
[WhiteTeam "Porz SG II"]
[BlackTeam "Lieme"]
[WhiteTeamCountry "GER"]
[BlackTeamCountry "GER"]

1. d4 Nf6 2. c4 g6 3. Nf3 Bg7 4. e3 0-0 5. b3 d6 6. Bb2 a5 7. Be2 Nc6 8. 0-0 Nd7 9. Nc3 e5 10. d5 Ne7 11. e4 h6 12. Ne1 f5 13. Nd3 g5 14. a3 b6 15. exf5 Nxf5 16. Ne4 Nf6 17. Bf3 Nh4 18. Nxf6+ Qxf6 19. Be4 Bf5 20. Qe2 Bxe4 21. Qxe4 Qf5 22. Rae1 Ng6 23. Bc1 Rae8 24. a4 Ne7 25. f3 Qd7 26. g4 Rf6 27. Nf2 Ref8 28. Nh1 Qe8 29. Ng3 Qg6 30. h3 Qxe4 31. fxe4 Rxf1+ 32. Rxf1 Rxf1+ 33. Kxf1 Kf7 34. Bd2 Ng6 35. Nf5 Nf4 36. h4 Kg6 37. h5+ Kf6 38. Be3 Bf8 39. Ke1 Nd3+ 40. Kd2 Nc5 41. Bxc5 dxc5 42. Ne3 Bd6 43. Nd1 Kf7 44. Ne3 Kf6 1/2-1/2

[Event "Lippe Cup-A 08th"]
[Site "Lieme"]
[Date "2011.10.30"]
[Round "5"]
[White "Langenhop, Lars"]
[Black "Stukenbrok, Nils"]
[Result "0-1"]
[WhiteElo "1910"]
[BlackElo "2111"]
[PlyCount "91"]
[EventDate "2011.10.28"]
[EventType "swiss"]
[EventRounds "5"]
[EventCountry "GER"]
[SourceTitle "EXT 2012"]
[Source "ChessBase"]
[SourceDate "2011.11.24"]
[SourceVersion "1"]
[SourceVersionDate "2011.11.24"]
[SourceQuality "1"]

1. e4 Nf6 2. Nc3 e5 3. Nf3 Nc6 4. Bc4 Bc5 5. d3 d6 6. a3 Be6 7. Bxe6 fxe6 8. Na4 Bb6 9. Nxb6 axb6 10. Bg5 0-0 11. 0-0 Qe8 12. Bxf6 Rxf6 13. d4 Qg6 14. dxe5 dxe5 15. Nd2 Rd8 16. Qe1 Qh5 17. Nb3 Rf7 18. Rd1 Rfd7 19. Rxd7 Rxd7 20. f3 Qg5 21. Qg3 Qf4 22. Qxf4 exf4 23. g3 g5 24. Kf2 Ne5 25. Ke2 Nc4 26. Rb1 Kf7 27. c3 c5 28. h4 h6 29. hxg5 hxg5 30. gxf4 gxf4 31. a4 Kf6 32. a5 bxa5 33. Nxc5 Rd2+ 34. Ke1 b6 35. Na4 b5 36. Nc5 Rh2 37. Rd1 Ne5 38. Nd7+ Nxd7 39. Rxd7 Rxb2 40. Rb7 a4 41. Kd1 Rf2 42. Rxb5 Rxf3 43. Kd2 a3 44. Ra5 a2 45. Ke2 Rh3 46. Kf1 0-1

[Event "Lippe Cup-A 08th"]
[Site "Lieme"]
[Date "2011.10.28"]
[Round "1"]
[White "Langenhop, Lars"]
[Black "Pollmann, Sascha"]
[Result "1-0"]
[WhiteElo "1910"]
[BlackElo "2030"]
[PlyCount "67"]
[EventDate "2011.10.28"]
[EventType "swiss"]
[EventRounds "5"]
[EventCountry "GER"]
[SourceTitle "EXT 2012"]
[Source "ChessBase"]
[SourceDate "2011.11.24"]
[SourceVersion "1"]
[SourceVersionDate "2011.11.24"]
[SourceQuality "1"]

1. e4 e6 2. b3 d5 3. Bb2 dxe4 4. Nc3 Nf6 5. g4 h6 6. Bg2 Be7 7. Qe2 Nc6 8. Nxe4 Bd7 9. 0-0-0 a5 10. a4 Rb8 11. f4 Nb4 12. c3 Nbd5 13. Nxf6+ Bxf6 14. Bxd5 0-0 15. Bc4 c6 16. Nf3 b5 17. axb5 cxb5 18. Bd3 b4 19. g5 bxc3 20. dxc3 hxg5 21. Nxg5 Bxg5 22. fxg5 Qxg5+ 23. Kc2 a4 24. Rhg1 axb3+ 25. Kb1 Qh6 26. c4 g5 27. h4 f5 28. Rxg5+ Kf7 29. Bxf5 Ke8 30. Rg6 Qxh4 31. Rxe6+ Bxe6 32. Qxe6+ Qe7 33. Bg6+ Rf7 34. Bxf7+ 1-0

[Event "Lippe Cup 05th"]
[Site "Lieme"]
[Date "2008.09.26"]
[Round "1"]
[White "Kuckling, Hannah"]
[Black "Langenhop, Lars"]
[Result "1-0"]
[WhiteElo "1448"]
[BlackElo "1721"]
[PlyCount "89"]
[EventDate "2008.09.26"]
[EventType "swiss"]
[EventRounds "5"]
[EventCountry "GER"]
[SourceTitle "EXT 2012"]
[Source "ChessBase"]
[SourceDate "2011.11.24"]
[SourceVersion "1"]
[SourceVersionDate "2011.11.24"]
[SourceQuality "1"]

1. e4 e5 2. Nf3 Nc6 3. Bb5 a6 4. Ba4 Nf6 5. 0-0 d6 6. c3 b5 7. Bc2 Bg4 8. h3 Bh5 9. d3 Be7 10. Nbd2 Na5 11. d4 exd4 12. cxd4 c5 13. d5 0-0 14. Re1 Qd7 15. Nf1 Nc4 16. Ng3 Bg6 17. b3 Nb6 18. Bf4 Nh5 19. Nxh5 Bxh5 20. Qd3 c4 21. bxc4 bxc4 22. Qe3 Rab8 23. Rab1 Qc7 24. Nd4 Bf6 25. Nf5 Nc8 26. Qg3 Rd8 27. e5 dxe5 28. Bxe5 Bxe5 29. Rxe5 Rxb1+ 30. Bxb1 g6 31. Re8+ Rxe8 32. Qxc7 gxf5 33. Bxf5 Ne7 34. Qd7 f6 35. Be6+ Kf8 36. d6 Nc8 37. Bxc4 Nb6 38. Qc7 Nxc4 39. Qxc4 Be2 40. Qc7 Bb5 41. d7 Bxd7 42. Qxd7 Re1+ 43. Kh2 Re2 44. Qc8+ Kf7 45. Qc4+ 1-0

[Event "Lippe Cup 04th"]
[Site "Lieme"]
[Date "2007.09.30"]
[Round "5"]
[White "Sadek, Etienne"]
[Black "Langenhop, Lars"]
[Result "0-1"]
[WhiteElo "1252"]
[BlackElo "1372"]
[PlyCount "99"]
[EventDate "2007.09.28"]
[EventType "swiss"]
[EventRounds "5"]
[EventCountry "GER"]
[SourceTitle "EXT 2012"]
[Source "ChessBase"]
[SourceDate "2011.11.24"]
[SourceVersion "1"]
[SourceVersionDate "2011.11.24"]
[SourceQuality "1"]

1. f4 d5 2. Nf3 c5 3. d4 cxd4 4. Nxd4 Nc6 5. e3 e6 6. Bb5 Bd7 7. 0-0 Nf6 8. Bxc6 Bxc6 9. Nd2 Bd6 10. b3 Qc7 11. Bb2 Be7 12. Rc1 0-0 13. Qf3 Rac8 14. Qg3 Qd8 15. Nxc6 bxc6 16. Rfd1 g6 17. Qh3 Re8 18. Qh6 Bf8 19. Qh3 Bg7 20. g4 Qe7 21. Nf3 Ne4 22. Bxg7 Kxg7 23. g5 Rc7 24. Qh6+ Kg8 25. Rd3 Qf8 26. Qxf8+ Kxf8 27. Rcd1 Ke7 28. Ne5 Nc5 29. Rc3 Ne4 30. Rcd3 Rec8 31. c4 Nc5 32. Rd4 Nd7 33. cxd5 cxd5 34. Kg2 Nxe5 35. fxe5 Rc2+ 36. R1d2 R8c3 37. Kf3 Kd7 38. Kf4 Rxd2 39. Rxd2 Kc6 40. Re2 Rc1 41. Rd2 Rf1+ 42. Kg3 Rf5 43. Rc2+ Kb7 44. Rf2 Rxg5+ 45. Kh4 Rxe5 46. Rxf7+ Kb6 47. Rxh7 Rxe3 48. Rg7 Re2 49. Kg5 Rxh2 50. Kxg6 0-1

[Event "GER-chT U12"]
[Site "Verden"]
[Date "2005.12.29"]
[Round "6.4"]
[White "Doering, Stefan"]
[Black "Langenhop, Lars"]
[Result "1-0"]
[WhiteElo "1140"]
[BlackElo "1300"]
[PlyCount "121"]
[EventDate "2005.12.27"]
[EventType "team-swiss"]
[EventRounds "7"]
[EventCountry "GER"]
[SourceTitle "CBM 110 Extra"]
[Source "ChessBase"]
[SourceDate "2006.03.10"]
[SourceVersion "2"]
[SourceVersionDate "2006.03.10"]
[SourceQuality "1"]

1. e4 e5 2. Nf3 Nc6 3. Bc4 Bc5 4. c3 d6 5. d4 exd4 6. cxd4 Bb6 7. 0-0 Bg4 8. d5 Ne5 9. Be2 Bxf3 10. Bxf3 Ne7 11. Nc3 N7g6 12. Be3 0-0 13. Bxb6 axb6 14. Be2 Nf4 15. g3 Nxe2+ 16. Qxe2 Qd7 17. f4 Ng6 18. Qg2 Rae8 19. Rae1 c6 20. Rc1 c5 21. Rce1 b5 22. b3 b4 23. Ne2 b5 24. Rc1 Qa7 25. Rc2 c4+ 26. Kh1 cxb3 27. axb3 Rc8 28. Rfc1 Rc5 29. Qf2 Rfc8 30. Rxc5 Rxc5 31. Kg2 Qc7 32. Rxc5 Qxc5 33. Qxc5 dxc5 34. Kf3 c4 35. Nc1 f6 36. Ke3 Kf7 37. Kd4 cxb3 38. Nxb3 Ke7 39. Kc5 h5 40. Kxb5 Kd6 41. Kxb4 h4 42. Nd4 hxg3 43. hxg3 Ne7 44. Kc4 g6 45. Kd3 f5 46. Ke3 Kd7 47. Kf3 Ng8 48. exf5 gxf5 49. Nxf5 Nf6 50. Ne3 Ke7 51. f5 Nd7 52. g4 Kf7 53. g5 Kg7 54. Kf4 Kf7 55. Nc4 Kg7 56. f6+ Kg6 57. Ne5+ Nxe5 58. Kxe5 Kf7 59. Kf5 Kf8 60. g6 Ke8 61. g7 1-0

[Event "GER-chT U12"]
[Site "Verden"]
[Date "2005.12.27"]
[Round "2.4"]
[White "Paeltz, Sebastian"]
[Black "Langenhop, Lars"]
[Result "1-0"]
[WhiteElo "1346"]
[BlackElo "1300"]
[PlyCount "129"]
[EventDate "2005.12.27"]
[EventType "team-swiss"]
[EventRounds "7"]
[EventCountry "GER"]
[SourceTitle "CBM 110 Extra"]
[Source "ChessBase"]
[SourceDate "2006.03.10"]
[SourceVersion "2"]
[SourceVersionDate "2006.03.10"]
[SourceQuality "1"]

1. e4 e5 2. Nf3 Nc6 3. Bb5 a6 4. Ba4 Bc5 5. 0-0 d6 6. c3 Nge7 7. d4 exd4 8. cxd4 b5 9. dxc5 bxa4 10. cxd6 Qxd6 11. Qxa4 0-0 12. Rd1 Qg6 13. Kh1 Bg4 14. Rd3 Rfd8 15. Rxd8+ Rxd8 16. Ng1 Nd4 17. f3 Bc8 18. Be3 Nb5 19. Nd2 h6 20. Nc4 Qh5 21. Ne2 Qg6 22. Nf4 Qf6 23. e5 Qf5 24. Ne2 Rd3 25. Nf4 Rd8 26. Rc1 Nd5 27. Rd1 Bb7 28. Na5 Ba8 29. Qb3 c6 30. Qc4 Qc8 31. Nxd5 cxd5 32. Qxc8 Rxc8 33. Kg1 Rc2 34. a4 Nc7 35. Rc1 Rxc1+ 36. Bxc1 Kf8 37. Kf2 Ke7 38. Bf4 Ne6 39. Bg3 d4 40. Ke2 g5 41. Nb3 Bc6 42. a5 Bb5+ 43. Kd2 Kd7 44. Bf2 d3 45. Nc1 Nf4 46. g3 Nh3 47. Bd4 h5 48. Nxd3 Ke6 49. Nb4 Kf5 50. Nd5 g4 51. Ne3+ Kg5 52. f4+ Kh6 53. Nf5+ Kg6 54. Nd6 Bd7 55. Kc3 h4 56. Kb4 hxg3 57. hxg3 Kh5 58. Kc5 Nxf4 59. gxf4 g3 60. Kb6 Kg4 61. Kxa6 Kxf4 62. Kb7 g2 63. a6 Be6 64. a7 Bd5+ 65. Kb8 1-0

[Event "OWL-ch U12"]
[Site "Hiddenhausen"]
[Date "2005.01.05"]
[Round "7"]
[White "Langenhop, Lars"]
[Black "Karsunke, Marvin"]
[Result "0-1"]
[WhiteElo "1265"]
[BlackElo "1213"]
[PlyCount "92"]
[EventDate "2005.01.02"]
[EventType "swiss"]
[EventRounds "7"]
[EventCountry "GER"]
[SourceTitle "EXT 2007"]
[Source "ChessBase"]
[SourceDate "2006.11.23"]
[SourceVersion "1"]
[SourceVersionDate "2006.11.23"]
[SourceQuality "1"]

1. e4 e5 2. Nf3 Nc6 3. Bc4 Bc5 4. d3 h6 5. Be3 Bb6 6. Nbd2 d6 7. c3 Na5 8. b4 Nxc4 9. Nxc4 Be6 10. Nb2 f5 11. exf5 Bxf5 12. 0-0 Nf6 13. Qd2 Bg4 14. Ne1 Bxe3 15. fxe3 0-0 16. Nc2 Qd7 17. Rf2 Rf7 18. Raf1 Raf8 19. Ne1 e4 20. a4 exd3 21. Nexd3 Ne4 22. Rxf7 Rxf7 23. Rxf7 Nxd2 24. Rxd7 Bxd7 25. a5 Kf7 26. h3 Ne4 27. c4 b6 28. axb6 axb6 29. b5 Nd2 30. Kf2 g5 31. Ke2 Nb3 32. Kd1 Nc5 33. g4 Nxd3 34. Nxd3 Be6 35. Nb2 h5 36. gxh5 Bxh3 37. h6 Kg6 38. h7 Kxh7 39. Ke2 Be6 40. Kf3 Kg6 41. e4 Kf6 42. Ke2 Ke5 43. Kd3 g4 44. Nd1 g3 45. Ne3 Bh3 46. Ke2 Kxe4 0-1

[Event "OWL-ch U12"]
[Site "Hiddenhausen"]
[Date "2005.01.02"]
[Round "1"]
[White "Stukenbrok, Nils"]
[Black "Langenhop, Lars"]
[Result "1/2-1/2"]
[WhiteElo "986"]
[BlackElo "1265"]
[PlyCount "92"]
[EventDate "2005.01.02"]
[EventType "swiss"]
[EventRounds "7"]
[EventCountry "GER"]
[SourceTitle "EXT 2007"]
[Source "ChessBase"]
[SourceDate "2006.11.23"]
[SourceVersion "1"]
[SourceVersionDate "2006.11.23"]
[SourceQuality "1"]

1. d4 Nf6 2. Nc3 d5 3. Bf4 Bf5 4. Nf3 Nc6 5. e3 a6 6. Bd3 Bg6 7. Bxg6 hxg6 8. Qd3 e6 9. a3 Bd6 10. Bg5 Rh7 11. e4 Be7 12. exd5 Nxd5 13. Bxe7 Qxe7 14. 0-0-0 0-0-0 15. Nxd5 Rxd5 16. h3 e5 17. Rhe1 f6 18. Qxg6 Rh6 19. Qe4 Qe6 20. dxe5 Rxd1+ 21. Rxd1 fxe5 22. Qd5 Qxd5 23. Rxd5 Rd6 24. Rxd6 cxd6 25. Ng5 Kd7 26. Kd2 d5 27. Kd3 Kd6 28. c4 d4 29. Ke4 b5 30. cxb5 axb5 31. b4 Ke7 32. f4 Kf6 33. Nf3 exf4 34. Nxd4 Nxd4 35. Kxd4 g5 36. Kc5 Kf5 37. Kxb5 g4 38. hxg4+ Kxg4 39. Kc5 Kg3 40. b5 Kxg2 41. b6 f3 42. b7 f2 43. b8Q f1Q 44. Qb7+ Kg1 45. Qg7+ Kh2 46. Qh6+ Kg1 1/2-1/2